00969nam a2200265 a 4500001001000000003000500010005001700015008004100032010001100073011001100084020001800095040000900113082002100122245016100143260003100304300001700335650005800352650005400410650004100464650005500505700003400560700001900594700002000613830007000633000114819CHAP20220329144500.0180423s2017 mx a |rl l||0|0|spa d a111280 a112252 a9786074511307 cCHAP04a378.1980972bG2104aLas trayectorias escolares universitarias en un tablero de serpientes y escaleras /cpor Adrián de Garay Sánchez, Dinora Miller Flores e Iván Montoya. aMéxico :bANUIES,c2017. a187 p. : il.14aEstudiantes universitariosxCondiciones económicas.14aEstudiantes universitariosxCondiciones sociales.14aEstudiantesxAptitud de aprendizaje.14aUniversidad Autónoma MetropolitanaxEstudiantes.0 aGaray Sánchez, Adrián de.1 aMiller, Dinora1 aMontoya, Iván00aColección Biblioteca de la Educación Superior. Serie estudios